Earthquakes!

Bibliographic Details
Other Authors: Collier, Barbara
Format: Book
Published: New York : Harper Collins Publishers , 2006
Series:Times for kids ; 2 beginning reader
Subjects:

MARC

LEADER 00000cam a2200000 7i4500
001 0000006459
005 20151222.0
008 070816
020 |a 0060782110 
090 0 0 |a JF SC   |b ENG 
245 1 0 |a Earthquakes!   |c by the editors of Time for kids with Barbara Collier 
260 |a New York :   |b Harper Collins Publishers ,   |c 2006 
440 |a Times for kids ; 2 beginning reader 
500 |a Children ages 7-9 years old (orange) 
650 0 |a Earthquakes   |x Juvenile literature 
700 1 |a Collier, Barbara 
730 1 |a Time for kids 
999 |a 0000985260   |b Book   |c Children Collection   |e Cawangan Taman Sri Lambak 
999 |a 0000985261   |b Book   |c Children Collection   |e Perbadanan Perpustakaan Awam Johor 
999 |a 0000985262   |b Book   |c Children Collection   |e Perbadanan Perpustakaan Awam Johor 
999 |a 0001047519   |b Book   |c Children Collection   |e Perbadanan Perpustakaan Awam Johor 
999 |a 0001047521   |b Book   |c Children Collection   |e Cawangan Bandar Penawar